Homonyms - Statistics

General Stats
  • This quiz has been taken 44 times
  • The average score is 2 of 10
Answer Stats
Hint Answer % Correct
part of your pants and an insect fly
61%
getting beat up and a hop jump
44%
what you can do to a portable chair and a move in poker fold
42%
a contained fight and a container box
31%
attached to an item and a piece of a tree stick
22%
a name and what you can do to a back pat
17%
unit of a vegetable and a body part ear
11%
a statistic and a body shape figure
3%
to get a situation under control and an essential part of opening an object handle
3%
to indicate or identify an item and a name mark
0%
No matching quizzes found
Score Distribution
Percent of People with Each Score
Percentile by Number Answered
Your Score History
You have not taken this quiz